[Event "Florianopolis op 6th"]
[Site "Florianopolis"]
[Date "2020.01.26"]
[Round "10"]
[White "Torres, Federico"]
[Black "Hataby, Raed"]
[Result "1-0"]
[WhiteElo "2223"]
[BlackElo "1963"]
[PlyCount "49"]
[EventDate "2020.01.20"]
[EventType "swiss"]
[EventRounds "10"]
[EventCountry "BRA"]
[SourceTitle "CBM 194 Extra"]
[Source "ChessBase"]
[SourceDate "2020.03.31"]
[SourceVersion "1"]
[SourceVersionDate "2020.03.31"]
[SourceQuality "1"]

1. e4 d6 2. Nf3 g6 3. g3 Bg7 4. Bg2 Nf6 5. d3 c5 6. 0-0 0-0 7. c3 c4 8. Re1 cxd3 9. Qxd3 Nc6 10. Bf4 Qb6 11. Qd2 Na5 12. Na3 Be6 13. Be3 Qc7 14. Nd4 Bd7 15. Bh6 Nc4 16. Nxc4 Qxc4 17. Bxg7 Kxg7 18. e5 Nd5 19. Bxd5 Qc5 20. e6 Qxd5 21. exd7 e6 22. c4 Qxc4 23. Rac1 Qd5 24. Nb3 Qxd2 25. Nxd2 1-0

[Event "Florianopolis op 6th"]
[Site "Florianopolis"]
[Date "2020.01.24"]
[Round "7"]
[White "Delgado Ramirez, Neuris"]
[Black "Torres, Federico"]
[Result "1-0"]
[WhiteElo "2636"]
[BlackElo "2223"]
[PlyCount "81"]
[EventDate "2020.01.20"]
[EventType "swiss"]
[EventRounds "10"]
[EventCountry "BRA"]
[SourceTitle "CBM 194 Extra"]
[Source "ChessBase"]
[SourceDate "2020.03.31"]
[SourceVersion "1"]
[SourceVersionDate "2020.03.31"]
[SourceQuality "1"]

1. e4 d6 2. d4 Nf6 3. Nc3 e5 4. dxe5 dxe5 5. Qxd8+ Kxd8 6. Bc4 Bb4 7. Bd2 Ke7 8. Nf3 Nbd7 9. 0-0-0 c6 10. Nd5+ Nxd5 11. exd5 Bxd2+ 12. Rxd2 cxd5 13. Rxd5 f6 14. Rhd1 Nb6 15. Rc5 Rd8 16. Rc7+ Rd7 17. Rdxd7+ Bxd7 18. Bd3 f5 19. Nxe5 Kd6 20. Rxd7+ Nxd7 21. Nxd7 Kxd7 22. Bxf5+ Kc7 23. Bxh7 Rh8 24. Be4 Rxh2 25. Kd2 b5 26. Ke3 Kd6 27. Kf4 Rh1 28. Kf5 b4 29. Kg6 Ke5 30. f3 Ra1 31. Kxg7 Rxa2 32. b3 Kf4 33. g4 Ra6 34. Kf7 Rh6 35. Ke7 a5 36. Kd7 Ra6 37. Bc6 Ra7+ 38. Kd6 Ke3 39. Be4 Kf4 40. Bc6 Rg7 41. Be4 1-0

[Event "Florianopolis op 6th"]
[Site "Florianopolis"]
[Date "2020.01.23"]
[Round "5"]
[White "Torres, Federico"]
[Black "Tomiello, Lucas Costamilan"]
[Result "1/2-1/2"]
[WhiteElo "2223"]
[BlackElo "2039"]
[PlyCount "103"]
[EventDate "2020.01.20"]
[EventType "swiss"]
[EventRounds "10"]
[EventCountry "BRA"]
[SourceTitle "CBM 194 Extra"]
[Source "ChessBase"]
[SourceDate "2020.03.31"]
[SourceVersion "1"]
[SourceVersionDate "2020.03.31"]
[SourceQuality "1"]

1. e4 c5 2. Nf3 d6 3. d3 Nc6 4. g3 g6 5. Bg2 Bg7 6. 0-0 e5 7. c3 Nge7 8. Nbd2 0-0 9. a3 h6 10. b4 Be6 11. Re1 b6 12. Bb2 f5 13. b5 Na5 14. exf5 gxf5 15. Nh4 Rc8 16. c4 f4 17. Ne4 Qd7 18. Bc3 Nb7 19. a4 Nd8 20. a5 Nf7 21. axb6 axb6 22. Ra6 d5 23. cxd5 Nxd5 24. Ng6 Rfe8 25. gxf4 Bg4 26. Ra7 Qf5 27. Qb3 c4 28. dxc4 Nxc3 29. Ne7+ Rxe7 30. Rxe7 Nxe4 31. Bxe4 Qf6 32. Rb7 Be6 33. Rxb6 Bxc4 34. Qh3 Qd8 35. fxe5 Ng5 36. Qf5 Nxe4 37. Rxe4 Qd1+ 38. Kg2 Qf1+ 39. Kg3 Qg1+ 40. Kf3 Rf8 41. Rf6 Qh1+ 42. Kg3 Bxf6 43. exf6 Qg1+ 44. Kf3 Qd1+ 45. Kf4 Qd6+ 46. Kg4 Rf7 47. Kh3 Kh8 48. Re7 Qd5 49. Qxd5 Bxd5 50. b6 Rxf6 51. b7 Bxb7 52. Rxb7 1/2-1/2

[Event "Florianopolis op 6th"]
[Site "Florianopolis"]
[Date "2020.01.22"]
[Round "4"]
[White "Goncalves, Ruan Lucas Alves"]
[Black "Torres, Federico"]
[Result "0-1"]
[WhiteElo "1966"]
[BlackElo "2223"]
[PlyCount "80"]
[EventDate "2020.01.20"]
[EventType "swiss"]
[EventRounds "10"]
[EventCountry "BRA"]
[SourceTitle "CBM 194 Extra"]
[Source "ChessBase"]
[SourceDate "2020.03.31"]
[SourceVersion "1"]
[SourceVersionDate "2020.03.31"]
[SourceQuality "1"]

1. e4 e5 2. Nf3 d6 3. d4 Nd7 4. Bc4 c6 5. Nc3 Be7 6. 0-0 h6 7. a4 a5 8. Re1 Ngf6 9. h3 Qc7 10. Ba2 Nf8 11. Be3 Rh7 12. Qd3 g5 13. Qc4 Bd8 14. Rad1 g4 15. hxg4 Bxg4 16. dxe5 dxe5 17. Bc5 Be7 18. Bxe7 Qxe7 19. Re3 Rg7 20. Qd3 Ng6 21. Ne2 Nh5 22. Qd6 Bxf3 23. Rxf3 Nh4 24. Bxf7+ Rxf7 25. Rxf7 Kxf7 26. Qxh6 Ng7 27. Rd3 Rd8 28. Rh3 Rd1+ 29. Kh2 Ng6 30. Rf3+ Nf4 31. g3 Rd6 32. Qh3 Rd2 33. Nc3 Kg8 34. gxf4 exf4 35. Rxf4 Rd6 36. Rh4 Rf6 37. Rh8+ Kf7 38. f3 Qd6+ 39. Kg2 Qd2+ 40. Kh1 Qe1+ 0-1

[Event "Florianopolis op 6th"]
[Site "Florianopolis"]
[Date "2020.01.20"]
[Round "1"]
[White "Torres, Federico"]
[Black "Resende, Paulo Sergio De"]
[Result "1-0"]
[WhiteElo "2223"]
[BlackElo "1897"]
[PlyCount "83"]
[EventDate "2020.01.20"]
[EventType "swiss"]
[EventRounds "10"]
[EventCountry "BRA"]
[SourceTitle "CBM 194 Extra"]
[Source "ChessBase"]
[SourceDate "2020.03.31"]
[SourceVersion "1"]
[SourceVersionDate "2020.03.31"]
[SourceQuality "1"]

1. e4 c6 2. d3 g6 3. g3 Bg7 4. Bg2 d5 5. Nd2 e5 6. Ngf3 Bg4 7. h3 Be6 8. 0-0 Ne7 9. Re1 d4 10. Nb3 h6 11. c3 Na6 12. cxd4 exd4 13. Bd2 0-0 14. Rc1 Qb6 15. Qc2 Rfc8 16. Na5 Nb4 17. Bxb4 Qxb4 18. Nc4 b5 19. a3 Qc5 20. b4 Qh5 21. g4 Bxg4 22. hxg4 Qxg4 23. Ncd2 g5 24. Qc5 Rc7 25. Nb3 Rd8 26. Nbd2 h5 27. Qxg5 Qxg5 28. Nxg5 Ng6 29. Nh3 Bh6 30. f4 Nxf4 31. Nxf4 Bxf4 32. Rc2 f6 33. Kh1 Kf7 34. Rf1 Bd6 35. Nf3 Ke7 36. Nxd4 Be5 37. Nxc6+ Kd6 38. Nxe5 Rxc2 39. Nf7+ Ke7 40. Nxd8 Kxd8 41. Rxf6 Ke7 42. Rh6 1-0

[Event "Villa Tehuelches op 5th"]
[Site "Villa Tehuelches"]
[Date "2019.07.13"]
[Round "6"]
[White "Munoz, Raul"]
[Black "Torres, Federico"]
[Result "0-1"]
[WhiteElo "1969"]
[BlackElo "2187"]
[PlyCount "34"]
[EventDate "2019.07.11"]
[EventType "swiss"]
[EventRounds "7"]
[EventCountry "CHI"]
[SourceTitle "CBM 191 Extra"]
[Source "ChessBase"]
[SourceDate "2019.09.30"]
[SourceVersion "1"]
[SourceVersionDate "2019.09.30"]
[SourceQuality "1"]

1. e4 d6 2. d4 Nf6 3. Nc3 Nbd7 4. Bc4 e5 5. Nf3 Be7 6. h3 c6 7. Bb3 Qc7 8. Ng5 0-0 9. f4 b5 10. fxe5 dxe5 11. d5 b4 12. dxc6 bxc3 13. cxd7 Ba6 14. Qf3 h6 15. h4 Bb4 16. Kf2 Bb7 17. d8N Raxd8 0-1